00567nam a2200145Ia 4500008004100000245014100041260002800182260000900210300001100219650001800230650001500248856006600263999001900329952007300348170221s9999 xx 000 0 und d aAgenda Trending: Reciprocity and the Predictive Capacity of Social Networking Sites in Intermedia Agenda Setting across Topics over Time bMedia and Communication c2013 a33 : 4 xCommunication xMedia Arts uhttp://www.librelloph.com/mediaandcommunication/issue/current c311022d311022 001040aCLbCLd2017-02-21l0r2017-02-21 00:00:00w2017-02-21yFOJ